The memoirs of the RT.HON. Anthony Eden

में बचाया:
ग्रंथसूची विवरण
मुख्य लेखक: Eden, Anthony
स्वरूप: पुस्तक
भाषा:Undetermined
प्रकाशित: London Cassell 1960
टैग : टैग जोड़ें
कोई टैग नहीं, इस रिकॉर्ड को टैग करने वाले पहले व्यक्ति बनें!
Thư viện lưu trữ: Trung tâm Học liệu Trường Đại học Cần Thơ
LEADER 00407nam a2200157Ia 4500
001 CTU_86495
008 210402s9999 xx 000 0 und d
082 |a 923.2 
082 |b C578 
100 |a Eden, Anthony 
245 4 |a The memoirs of the RT.HON. Anthony Eden 
260 |a London 
260 |b Cassell 
260 |c 1960 
904 |i Tuyến 
980 |a Trung tâm Học liệu Trường Đại học Cần Thơ